01014 a2200217 45000010006000000050017000060080041000230030015000640400040000790800026001192450052001452640039001973000019002365050338002550410008005939420007006015900036006081000030006449990015006749520107006895407420260407155811.0260407a1962 arg spa dAR-UNSa-BCEJYS aAR-UNSa-BCEJYSbspacAR-UNSa-BCEJYS a330.43xEconometría10aFundamentos y posibilidades de la econometría 1aBarcelona :bEdiciones Arielc1962 a215 p.c22 cm. a1. Econometría – 2. Los modelos – 3. Modelos econométricos y su identificación – 4. Estimación de parámetros estructurales – 5. Problemas especiales – 6. Verificación y predicción – 7. La econometría: su método y sus relaciones con otras ciencias – 8. Aplicaciones y limitaciones de la Econometría.  aspa cBK aniveau_biblio:m niveau_hierar:01 aGarcia Barbancho, Alfonso c5342d5342 00104070aBCEJYSbBCEJYSc16d2026-04-07l0o330.43 G216pL21961r2026-04-07 15:58:11w2026-04-07yL